| 000 | 00572nam a22002057a 4500 | ||
|---|---|---|---|
| 005 | 20140621052122.0 | ||
| 008 | 090506s2009 nyua 001 0 eng d | ||
| 020 | _a9780071603461 | ||
| 024 | 0 | _ceng | |
| 080 | _a330.322 | ||
| 100 | 1 | _aSpall, Jonathan. | |
| 245 | 1 | 0 |
_aInvesting in gold : _cJonathan Spall. |
| 250 | _a1 st.ed.; | ||
| 260 |
_aNew York : _bMcGraw-Hill, _c2009. |
||
| 300 |
_a207 f. : _bme il.; _c22 cm. |
||
| 500 | _aIndex f. 197-207 | ||
| 650 | 0 | _aInvestimet | |
| 650 | 0 | _aAri | |
| 942 |
_2udc _cBK |
||
| 999 |
_c492 _d492 |
||